|
|
|
|
| LEADER |
00000nam a2200000Ia 4500 |
| 008 |
180717b1986 cr ||||| |||| 00| | spa d |
| 999 |
|
|
|c 2141
|d 2141
|
| 090 |
|
|
|a 14.02.03
|b 257
|
| 100 |
|
|
|a Ramírez Boza, Mario A.
|9 4082
|
| 245 |
1 |
0 |
|a Limitaciones y obstáculos que tiene la mujer de los sectores populares del campo para su integración al mercado laboral /
|c Mario A. Ramírez Boza
|
| 260 |
|
|
|a San José, Costa Rica :
|b [editor no identificado],
|c 1986
|
| 300 |
|
|
|a 50 páginas
|
| 500 |
|
|
|a 100 páginas
|
| 500 |
|
|
|a A la cabeza de la portada Universidad de Costa Rica; Universidad del Estado de Nueva York
|
| 650 |
1 |
4 |
|a MUJERES
|9 55
|
| 650 |
1 |
4 |
|a MERCADO DE TRABAJO
|9 571
|
| 650 |
1 |
4 |
|a INDICADORES ECONÓMICOS
|9 794
|
| 650 |
1 |
4 |
|a CRECIMIENTO ECONÓMICO
|9 264
|
| 650 |
1 |
4 |
|a MODERNIZACIÓN
|9 2078
|
| 942 |
|
|
|i 00334
|h 14.02.03 257
|2 z
|c 01
|